Proyectos de Interiores / (Registro nro. 11696)

Detalles MARC
000 -LEADER
longitud fija campo de control 00588nam a22002177a 4500
003 - IDENTIFICADOR DE NUMERO DE CONTROL
control del campo AR-RoUNA
005 - FECHA DE LA ULTIMA MODIFICACION
control del campo 20241114165131.0
040 ## - ORIGEN DE LA CATALOGACION
Agencia que cataloga la obra original AR-RoUNA
Idioma en que se cataloga spa
Entidad que modifico el registro AR-RoUNA
041 ## - CODIGO DE IDIOMA
Codigo de idioma del texto / sonido o titulo separado spa
Codigo de idioma de la traduccion original y / o intermedios de texto spa
044 ## - CODIGO DE PAIS / ENTIDAD PRODUCTORA
Codigo MARC del pais ag
100 1# - ASIENTO PRINCIPAL - NOMBRE PERSONAL
Nombre personal Artigas, J.
9 (RLIN) 26795
245 1# - TITULO PROPIAMENTE DICHO
Titulo Proyectos de Interiores /
Mencion de responsabilidad, etc J. Artigas
250 ## - MENCION DE EDICION
Edicion declarada 1a. ed.
260 ## - EDITORIAL - PUBLICACION, DISTRIBUCION, ETC. (Pie de imprenta)
Lugar de publicacion, distribucion, etc Barcelona :
Nombre del editor, distribuidor, etc V. Casellas Moncanut,
Fecha de publicacion [1910]
300 ## - DESCRIPCION FISICA
Extension 40 p.:
Otros detalles fisicos gráficos,
Dimensiones 17x25 cm
650 4# - MATERIA - TERMINO TEMATICO
Término temático general Diseño de interiores
650 4# - MATERIA - TERMINO TEMATICO
Término temático general Laminas
942 ## - FUENTE DE CLASIFICACION
Clasificacion Universal Decimal Classification
945 ## - INFORMACION DE PROCESAMIENTO
Fecha de ingreso o modificacion 2024-11-14
980 ## - DECLARACIÓN DE EQUIVALENCIA O SERIE DE REFERENCIA CRUZADA - NOMBRE / TÍTULO PERSONAL [LOCAL, CANADÁ]
Código del operador 1
Nombre del operador Maricel Allasia
Código del operador que modifico el registro 1
Nombre del operador que modifico el registro Maricel Allasia
Existencias
Estado retiro Estado perdido Sistema de clasificacion Estado general Restricciones de uso Biblioteca de origen Ubicacion actual Localizacion en estante Fecha de adquisicion Fuente de adquisicion Prestamos totales Signatura y librística Proveedor Numero de ejemplar Nota no publica
Disponible Disponible cdu No dañado Ningun uso de restricciones Arq. Hilarión H. Larguia Arq. Hilarión H. Larguia Diseño Gráfico - Sala 14/11/2024 Don   747:643 AR791 18233 ej. 1